| 000 | 00954nam a2200253 i 4500 | ||
|---|---|---|---|
| 001 | 28811 | ||
| 003 | ES-MaACL | ||
| 005 | 20230909063100.0 | ||
| 007 | t| | ||
| 008 | 030120s1898 sp ||||1| spa d | ||
| 100 | 1 |
_aBalaguer, Víctor, _d1824-1901 _924806 |
|
| 245 | 1 | 0 |
_aDisquisiciones históricas _b: (Reyes Católicos) / _cVíctor Balaguer. |
| 260 |
_aMadrid : _b[s.n.], _c1898 ( _fViuda de M. Minuesa de los Ríos) |
||
| 300 |
_a554 p. ; _c22 cm. |
||
| 490 | 1 |
_aObras de Víctor Balaguer ; _v35 |
|
| 530 | _aDisponible en formato digital. | ||
| 600 | 0 | 4 |
_aFernando _bV _cRey de España. _950204 |
| 600 | 0 | 4 |
_aIsabel _bI, _cReina de Castilla. _9175419 |
| 651 |
_aEspaña- _xHistoria- _y1474-1516, Reyes Católicos. _98222 |
||
| 830 | 1 |
_aObras de Víctor Balaguer ; _v35 _9181206 |
|
| 852 |
_aES-MaACL _jB-130 |
||
| 856 |
_uhttp://bdh-rd.bne.es/viewer.vm?id=0000091909&page=1 _zBiblioteca Digital Hispánica |
||
| 999 |
_c28811 _d28811 |
||